000 00514nam a2200193Ia 4500
005 20250326142627.0
008 250326s9999 xx 000 0 und d
037 _aTextbook
040 _aFMSL
_beng
_cFMSL
041 _aeng
_2eng
084 _qFMSL
100 _aPindyck RS
_9744163
245 0 _aEconomatric models and Economic Forecasts
_cPindyck Rs; Rubinfeld Dl
250 _aEd 3
260 _aNew York
_bNew York, McGraw-Hill
_c1991
300 _a618p
942 _cTB
999 _c1295897
_d1295897